[Event "Martorell op-B"]
[White "Lecha Rosquilla, Eduard"]
[Black "Ordieres Palacios, Juan R"]
[Site "Martorell"]
[Round "3"]
[Result "1-0"]
[Date "1997.??.??"]
[WhiteElo "1810"]
[BlackElo "1940"]
[PlyCount "93"]
[EventDate "1997.09.??"]
[EventType "swiss"]
[EventRounds "8"]
[EventCountry "ESP"]
[SourceTitle "EXT 2003"]
[Source "ChessBase"]
[SourceDate "2002.11.25"]
[SourceVersion "1"]
[SourceVersionDate "2002.11.25"]
[SourceQuality "1"]

1. d4 Nf6 2. Nf3 g6 3. Bf4 Bg7 4. Nbd2 Nc6 5. c3 d6 6. e4 Nh5 7. Be3 0-0 8. Be2 e5 9. dxe5 dxe5 10. Qc2 Nf4 11. Bxf4 exf4 12. 0-0-0 Qe7 13. h4 a5 14. Bd3 Bg4 15. Qb3 Ne5 16. Nxe5 Bxd1 17. Nxg6 hxg6 18. Qxd1 a4 19. a3 Rfd8 20. Qe2 c6 21. h5 Qg5 22. hxg6 Qxg6 23. Nf3 b5 24. Bc2 Re8 25. Nh4 Qh6 26. f3 Re5 27. Rh3 Qe6 28. Qf2 Rh5 29. Nf5 Rxh3 30. gxh3 Bf6 31. Qg1+ Kh8 32. Qg4 Rd8 33. Qxf4 Kg8 34. Qh6 Qc4 35. Kb1 Qe6 36. f4 c5 37. e5 Bh8 38. Qg5+ Kf8 39. Qxd8+ Qe8 40. Qd6+ Kg8 41. Ne7+ Kg7 42. Qf6+ Kf8 43. Qxh8+ Kxe7 44. Qxe8+ Kxe8 45. Bd3 c4 46. Be4 Kd7 47. h4 1-0